000
00508nam a2200169Ia 4500
008
090711s9999 xx 000 0 und d
082
_b
25880
100
_a
प्रफुल्लदत्त
245
_a
लाटा आणि लहरी
260
_c
1972
300
_a
92
600
_a
प्रफुल्लदत्त
630
_a
लाटा आणि लहरी
700
_a
प्रफुल्लदत्त
730
_a
लाटा आणि लहरी
942
_c
BOOK
999
_c
289609
_d
289609